| 000 | 02042nam a22002177a 4500 | ||
|---|---|---|---|
| 999 |
_c58717 _d58717 |
||
| 003 | Ge_BSU | ||
| 005 | 20220719124846.0 | ||
| 008 | 220705s2010ge xxu||||| |||| 00| 0 geo d | ||
| 020 | _a9789941912832 | ||
| 041 | _ageo | ||
| 080 | _a378:663(479.224)(063) ს15 | ||
| 245 |
_aსაერთაშორისო სამეცნიერო-პრაქტიკული კონფერენცია "სუბტროპიკული ზონის დარგების პრობლემები და მათი გადაჭრის გზები" = International scientific-practical conference "The problems of subtropical zone fields and their solutions" : _bმიძღვნილი აკად. გ. ჩხაიძის 80 წლის იუბილესადმი / _cსარედ. კომ. როლანდ კოპალიანი [და სხვ..] |
||
| 264 |
_aქუთაისი: _bშპს "მბმ-პოლიგრაფი, _c2010. |
||
| 300 |
_a316გვ. : _bცხრ., სურ. ; _c29 სმ. |
||
| 501 | _aზესათ.: საქ. განათლებისა და მეცნ. სამინ., სუბტროპ. მეურნეობის სოხუმის სახელმწ. სასწ. უნ-ტი. | ||
| 653 | _aსაერთაშორისო სამეცნიერო-პრაქტიკული კონფერენცია "სუბტროპიკული ზონის დარგების პრობლემები და მათი გადაჭრის გზები | ||
| 653 | _aსუბტროპიკული კულტურები | ||
| 700 |
_aკოპალიანი, როლანდ _eსარედაქციო კომისია _92507 |
||
| 710 |
_a სოხუმის სუბტროპიკული მეურნეობის სასწავლო უნივერსიტეტი _914295 |
||
| 942 |
_2udc _cBK |
||